书目信息 |
| 题名: |
棚车少年
|
|
| 作者: | 华娜 著 ;曲晨 译 | |
| 分册: | 1 | |
| 出版信息: | 长沙 湖南少年儿童出版社 2021.12 |
|
| 页数: | 194页 | |
| 开本: | 21cm | |
| 丛书名: | 棚车少年 | |
| 单 册: | ||
| 中图分类: | H319.4:I712.84 , H319.4:I | |
| 科图分类: | ||
| 主题词: | 英语--ying yu--汉语--对照读物 , 儿童小说--er tong xiao shuo--中篇小说--美国--现代 | |
| 电子资源: | ||
| ISBN: | 978-7-5562-6010-2 | |
| 000 | 01431nam 2200325 450 | |
| 001 | 29309 | |
| 005 | 20221017133047.50 | |
| 010 | @a978-7-5562-6010-2@dCNY24.80 | |
| 100 | @a20220308d2021 cemy0chiy50 ea | |
| 101 | 1 | @achi@aeng@ceng |
| 102 | @aCN@b430000 | |
| 105 | @aa z 000ay | |
| 200 | 1 | @a棚车少年@Apeng che shao nian@h1@f(美) 钱德勒·华娜著@g曲晨译@zeng |
| 210 | @a长沙@c湖南少年儿童出版社@d2021.12 | |
| 215 | @a194页@c图@d21cm | |
| 225 | 2 | @a棚车少年@Apeng che shao nian@e中英双语@h第一辑@v1 |
| 312 | @a原文题名取自版权页 | |
| 314 | @a钱德勒·华娜, 美国儿童文学作家。 | |
| 330 | @a一个温暖的夜晚, 四个孩子站在一家面包店的门前。没有人认识他们, 也没有人知道他们从哪儿来。面包店老板的妻子最先发现了这四个孩子, 他们正从面包店的窗户向里面张望。那个小一点的男孩正盯着蛋糕, 大一些的男孩打量着一个个面包, 而两个女孩则看着饼干。面包店的老板娘可不喜欢孩子, 尤其不喜欢男孩子。于是, 她走到面包店门前, 侧耳倾听, 看起来非常生气…… | |
| 410 | 0 | @12001 @a棚车少年 (中英双语)@Apeng che shao nian@h第一辑@v1 |
| 500 | 10 | @iBoxcar children@mChinese |
| 606 | 0 | @a英语@Aying yu@j汉语@j对照读物 |
| 606 | 0 | @a儿童小说@Aer tong xiao shuo@x中篇小说@y美国@z现代 |
| 690 | @aH319.4:I712.84@v5 | |
| 690 | @aH319.4:I@v4 | |
| 701 | 1 | @a华娜@Ahua na@g(Warner, Gertrude Chandler),@f1890-1979@4著 |
| 702 | 0 | @a曲晨@Aqu chen@4译 |
| 801 | 0 | @aCN@c20220910 |
| 905 | @a河南城建学院图书馆@dH319.4:I@eH682:1@f3 | |
| 962 | @a7337686 | |
| 棚车少年.1/(美) 钱德勒·华娜著/曲晨译.-长沙:湖南少年儿童出版社,2021.12 |
| 194页:图;21cm.-(棚车少年:中英双语.第一辑;1) |
| ISBN 978-7-5562-6010-2:CNY24.80 |
| 一个温暖的夜晚, 四个孩子站在一家面包店的门前。没有人认识他们, 也没有人知道他们从哪儿来。面包店老板的妻子最先发现了这四个孩子, 他们正从面包店的窗户向里面张望。那个小一点的男孩正盯着蛋糕, 大一些的男孩打量着一个个面包, 而两个女孩则看着饼干。面包店的老板娘可不喜欢孩子, 尤其不喜欢男孩子。于是, 她走到面包店门前, 侧耳倾听, 看起来非常生气…… |
| ● |
| 相关链接 |
|
|
|
正题名:棚车少年
索取号:H319.4:I/H682:1
 
预约/预借
| 序号 | 登录号 | 条形码 | 馆藏地/架位号 | 状态 | 备注 |
| 1 | 1582814 | 215828148 | 语言库209/209语言库 53排4列4层/ [索取号:H319.4:I/H682:1] | 在馆 | |
| 2 | 1582815 | 215828157 | 语言库209/209语言库 53排4列4层/ [索取号:H319.4:I/H682:1] | 在馆 | |
| 3 | 1582816 | 215828166 | 语言库209/209语言库 53排4列4层/ [索取号:H319.4:I/H682:1] | 在馆 |